00562nam a2200169Ia 4500008004100000020001500041041001200056082001600068100001900084245004000103260003900143300000800182650001900190942000700209999001500216952016100231221030s9999 xx 000 0 und d a8173193711 aEnglish a105.23bKar aV. Karunakaran 0aComplex Analysiscby V. Karunakaran bNarosa Pub. HouseaNew Delhic2002 a408 aBE Mathematics cBK c3176d3176 pBE 5088g295.00l0o105.23 Karr2024-06-13 00:00:00w2022-10-30yBK003Print4071aMIETLIBbMIETLIBcBL-Second, FL-1, CUP-17, SH-5, R-5d2002-05-2210HBE